[Event "BL 8384 Delmenhorst-Frankfurt"]
[Site "?"]
[Date "1983.??.??"]
[Round "?.7"]
[White "Zimmermann, F."]
[Black "Hickl, T."]
[Result "1/2-1/2"]
[WhiteElo "2255"]
[BlackElo "2300"]
[PlyCount "79"]
[EventDate "1983.??.??"]

1. e4 c6 2. c4 d5 3. exd5 cxd5 4. cxd5 Nf6 5. Bb5+ Bd7 6. Bc4 Qa5 7. Nc3 Na6 8.
b4 Nxb4 9. Qb3 e6 10. dxe6 Bxe6 11. Bxe6 Qe5+ 12. Nge2 Nd3+ 13. Kf1 fxe6 14. f4
Qc5 15. Qxe6+ Be7 16. Qe3 Ng4 17. Qxc5 Bxc5 18. Ne4 Be7 19. g3 Rc8 20. N2c3 O-O
21. Ke2 Rfd8 22. Rb1 b6 23. Rb3 Nxc1+ 24. Rxc1 Nxh2 25. Rd1 Ng4 26. d4 Rc4 27.
d5 Nf6 28. d6 Nxe4 29. dxe7 Nxc3+ 30. Rxc3 Re4+ 31. Re3 Rxe3+ 32. Kxe3 Re8 33.
Rd7 a5 34. Rb7 Kf7 35. Rxb6 Rxe7+ 36. Kf3 Rc7 37. Ra6 Rc3+ 38. Kg4 Ra3 39. Ra7+
Kf6 40. Ra6+ 1/2-1/2

[Event "BL 8384 Delmenhorst-Frankfurt"]
[Site "?"]
[Date "1983.??.??"]
[Round "?.8"]
[White "Schlemermeyer, W."]
[Black "Glienke, M."]
[Result "0-1"]
[WhiteElo "2220"]
[BlackElo "2335"]
[PlyCount "84"]
[EventDate "1983.??.??"]

1. e4 c5 2. Nf3 d6 3. d4 cxd4 4. Nxd4 Nf6 5. Nc3 g6 6. Be2 Bg7 7. O-O O-O 8.
Kh1 Nc6 9. Nb3 a5 10. a4 Nb4 11. Bg5 Bd7 12. Bf3 h6 13. Be3 Kh7 14. Re1 Rc8 15.
Re2 Ng4 16. Bxg4 Bxg4 17. f3 Be6 18. Nd4 Bc4 19. Rd2 f5 20. Nd5 Nxd5 21. exd5
Bxd5 22. Nxf5 Rxf5 23. Rxd5 Rxd5 24. Qxd5 Rxc2 25. h4 Qg8 26. Qe4 Qc4 27. Qxe7
Re2 28. Ra3 Rxb2 29. Ra1 Qe2 30. Rg1 Rb4 31. Rc1 Rb2 32. Rg1 Rb3 33. Bg5 Qxe7
34. Bxe7 Rb4 35. Rc1 Rxa4 36. Rc7 Kg8 37. Bxd6 Rxh4+ 38. Kg1 b6 39. g4 h5 40.
Bg3 Rh3 41. Kg2 hxg4 42. fxg4 Rxg3+ 0-1

[Event "BL 8384 München 36-Münster"]
[Site "?"]
[Date "1983.??.??"]
[Round "?.1"]
[White "Wiemer, R."]
[Black "Unzicker, W."]
[Result "0-1"]
[WhiteElo "2290"]
[BlackElo "2455"]
[PlyCount "84"]
[EventDate "1983.??.??"]

1. e4 e5 2. Nf3 Nc6 3. Bc4 Bc5 4. c3 Nf6 5. d3 d6 6. O-O O-O 7. Nbd2 h6 8. Re1
a6 9. Bb3 Be6 10. Nf1 Bxb3 11. Qxb3 Re8 12. Be3 Bxe3 13. Nxe3 Qd7 14. Rad1 b6
15. Nd5 Nxd5 16. exd5 Ne7 17. d4 Ng6 18. dxe5 dxe5 19. c4 Rad8 20. Qc3 f6 21.
b4 b5 22. Nd2 Qf7 23. Ne4 bxc4 24. Qxc4 Nf4 25. Nc3 c6 26. Qxa6 cxd5 27. g3
Nh3+ 28. Kg2 Ng5 29. h4 Ne6 30. Qe2 d4 31. Ne4 f5 32. Nc5 Nxc5 33. bxc5 Qd5+
34. Qf3 e4 35. Qb3 d3 36. Rd2 Kh7 37. Qxd5 Rxd5 38. g4 f4 39. c6 e3 40. fxe3
fxe3 41. Rdd1 d2 42. Re2 Rc5 0-1

[Event "BL 8384 Bayern-Enger"]
[Site "?"]
[Date "1983.??.??"]
[Round "?.2"]
[White "Hecht, H."]
[Black "Gutman, L."]
[Result "0-1"]
[WhiteElo "2450"]
[BlackElo "2440"]
[PlyCount "86"]
[EventDate "1983.??.??"]

1. c4 Nf6 2. Nf3 g6 3. b4 Bg7 4. Bb2 O-O 5. e3 c6 6. Be2 d6 7. d3 a5 8. b5 cxb5
9. cxb5 a4 10. O-O Bg4 11. Na3 Nbd7 12. Qd2 d5 13. Rfc1 e6 14. Rc2 Ne8 15. Bxg7
Kxg7 16. Qb4 Bxf3 17. Bxf3 Ne5 18. Be2 Qd6 19. Qxd6 Nxd6 20. Rac1 Nd7 21. d4
Kf6 22. Bd3 Ke7 23. Kf1 Rfc8 24. Ke2 Rxc2+ 25. Rxc2 f6 26. Kd2 e5 27. dxe5 fxe5
28. f3 g5 29. Nb1 h5 30. Rc7 Kd8 31. Rc1 g4 32. Nc3 Nb6 33. e4 d4 34. Ne2 a3
35. f4 Ra4 36. fxe5 Ndc4+ 37. Bxc4 Nxc4+ 38. Kc2 b6 39. Nf4 Rb4 40. Kd3 Nxe5+
41. Ke2 h4 42. Rd1 Rb2+ 43. Rd2 Nc4 0-1

[Event "BL 8384 Bayern-Enger"]
[Site "?"]
[Date "1983.??.??"]
[Round "?.3"]
[White "Podzielny, K."]
[Black "Bischoff, K."]
[Result "1-0"]
[WhiteElo "2405"]
[BlackElo "2400"]
[PlyCount "59"]
[EventDate "1983.??.??"]

1. d4 g6 2. Nf3 Bg7 3. g3 c5 4. d5 d6 5. Bg2 Nf6 6. O-O O-O 7. c4 b5 8. cxb5 a6
9. bxa6 Bxa6 10. Nc3 Nbd7 11. Qc2 Qb6 12. Rd1 Rfb8 13. Rb1 Ng4 14. Bh3 h5 15.
Bg5 c4 16. Bxg4 hxg4 17. Be3 Qb7 18. Nd4 Nf6 19. Nc6 Rc8 20. Bg5 Nxd5 21. Nxd5
Rxc6 22. Nxe7+ Kf8 23. Qd2 Rb6 24. Qf4 Re8 25. Nd5 Be5 26. Qe3 Rxb2 27. Rxb2
Qxb2 28. Bh6+ Bg7 29. Bxg7+ Qxg7 30. Qb6 1-0

[Event "BL 8384 Bayern-Enger"]
[Site "?"]
[Date "1983.??.??"]
[Round "?.4"]
[White "Calvo Minguez, R."]
[Black "Gruen, G."]
[Result "1-0"]
[WhiteElo "2420"]
[BlackElo "2290"]
[PlyCount "91"]
[EventDate "1983.??.??"]

1. d4 Nf6 2. Nf3 e6 3. c4 b6 4. e3 Bb7 5. Bd3 Be7 6. O-O O-O 7. Nc3 d5 8. b3 c5
9. Bb2 cxd4 10. Nxd4 Nbd7 11. cxd5 Nxd5 12. Nxd5 Bxd5 13. Qh5 g6 14. Qe2 Bf6
15. e4 Bb7 16. Rad1 Qe7 17. Ba6 Bxa6 18. Qxa6 Rfc8 19. Ba3 Nc5 20. Qe2 Qb7 21.
Rfe1 Qa6 22. Qxa6 Nxa6 23. Bd6 Bxd4 24. Rxd4 Rc2 25. Be5 g5 26. Red1 h5 27. h4
gxh4 28. Bf6 h3 29. e5 h2+ 30. Kxh2 Rxf2 31. Rh4 Rxf6 32. exf6 Kh7 33. Rf1 Kg6
34. g4 Rh8 35. gxh5+ Rxh5 36. Rg1+ Rg5 37. Rxg5+ Kxg5 38. Ra4 Nc5 39. Rxa7 Kxf6
40. b4 Nd3 41. b5 Nb4 42. a4 Nd5 43. Rd7 Ke5 44. Rxf7 Nc3 45. a5 bxa5 46. b6
1-0

[Event "BL 8384 Bayern-Enger"]
[Site "?"]
[Date "1983.??.??"]
[Round "?.5"]
[White "Fleck, J."]
[Black "Klundt, K."]
[Result "1/2-1/2"]
[WhiteElo "2365"]
[BlackElo "2340"]
[PlyCount "49"]
[EventDate "1983.??.??"]

1. e4 c5 2. Nf3 Nc6 3. d4 cxd4 4. Nxd4 Nf6 5. Nc3 e6 6. Ndb5 d6 7. Bf4 e5 8.
Be3 a6 9. Na3 Rb8 10. Nd5 b5 11. Nxf6+ gxf6 12. g3 Be6 13. Bg2 Qd7 14. Nb1 Ne7
15. Nc3 Rc8 16. O-O h5 17. Qd2 b4 18. Nd5 Nxd5 19. exd5 Bh3 20. Bxh3 Qxh3 21.
Qxb4 h4 22. Qa4+ Ke7 23. Qxa6 hxg3 24. Qa7+ Ke8 25. Qa4+ 1/2-1/2

[Event "BL 8384 Bayern-Enger"]
[Site "?"]
[Date "1983.??.??"]
[Round "?.6"]
[White "Feustel, B."]
[Black "Kunsztowicz, U."]
[Result "1-0"]
[WhiteElo "2330"]
[BlackElo "2350"]
[PlyCount "77"]
[EventDate "1983.??.??"]

1. Nf3 g6 2. e4 c5 3. d4 Bg7 4. dxc5 Qa5+ 5. c3 Qxc5 6. Be3 Qa5 7. Nbd2 Nf6 8.
Nc4 Qd8 9. Qa4 Na6 10. e5 Nd5 11. Bd4 O-O 12. Ncd2 Nac7 13. c4 Nf4 14. Be3 Nfe6
15. Rd1 f6 16. exf6 Bxf6 17. Qc2 Na6 18. c5 Qa5 19. Bc4 b5 20. Bb3 Bb7 21. a3
Qc7 22. O-O Kg7 23. Rc1 Qc6 24. Rfe1 Nac7 25. Ne4 a5 26. Qd2 Kh8 27. Bh6 Rfe8
28. h4 a4 29. Ba2 b4 30. axb4 Nb5 31. Bc4 Ng7 32. Nfg5 Rf8 33. Bxb5 Qxb5 34.
Nxf6 exf6 35. Re7 Nf5 36. Bxf8 Rxf8 37. Qxd7 Qxd7 38. Rxd7 Bc8 39. Nxh7 1-0

[Event "BL 8384 Bayern-Enger"]
[Site "?"]
[Date "1983.??.??"]
[Round "?.8"]
[White "Schubert, C."]
[Black "Eising, J."]
[Result "1/2-1/2"]
[WhiteElo "2260"]
[BlackElo "2365"]
[PlyCount "96"]
[EventDate "1983.??.??"]

1. e4 c5 2. Nf3 e6 3. d4 cxd4 4. Nxd4 a6 5. Bd3 Nf6 6. O-O Qc7 7. Nd2 Bc5 8.
N2b3 Ba7 9. Kh1 d6 10. f4 Nc6 11. Nxc6 bxc6 12. Qe2 d5 13. e5 Nd7 14. c4 Nc5
15. Nxc5 Bxc5 16. Bd2 Qe7 17. a3 a5 18. cxd5 cxd5 19. Bb5+ Bd7 20. Rac1 Bb6 21.
f5 exf5 22. Bg5 Qe6 23. Bxd7+ Qxd7 24. e6 fxe6 25. Rxf5 Rf8 26. Re5 Rf2 27.
Rxe6+ Kf8 28. Rf1 Qf7 29. Rxf2 Qxf2 30. Qxf2+ Bxf2 31. Re5 Bd4 32. Rf5+ Kg8 33.
Rxd5 Bxb2 34. a4 Bc3 35. Bd8 Kf7 36. g3 Ke6 37. Rd3 Bb4 38. Kg2 Rc8 39. Kf3 Rc2
40. Re3+ Kd7 41. Rd3+ Ke6 42. Re3+ Kf7 43. Re5 Rxh2 44. Bxa5 Bxa5 45. Rxa5 Ra2
46. Ra6 h6 47. Kf4 Rf2+ 48. Ke4 Rg2 1/2-1/2

[Event "BL 8384 Enger-München 36"]
[Site "?"]
[Date "1983.??.??"]
[Round "?.1"]
[White "Unzicker, W."]
[Black "Smejkal, J."]
[Result "1/2-1/2"]
[WhiteElo "2455"]
[BlackElo "2560"]
[PlyCount "39"]
[EventDate "1983.??.??"]

1. d4 Nf6 2. c4 g6 3. g3 Bg7 4. Bg2 O-O 5. Nf3 d5 6. cxd5 Nxd5 7. O-O Nb6 8.
Nc3 Nc6 9. e3 e5 10. d5 Ne7 11. e4 Bg4 12. h3 Bxf3 13. Qxf3 c6 14. Be3 cxd5 15.
Nxd5 Nexd5 16. exd5 Nc4 17. Rac1 Nd6 18. Bc5 Re8 19. Qb3 Bh6 20. Rc3 1/2-1/2

[Event "BL 8384 Enger-München 36"]
[Site "?"]
[Date "1983.??.??"]
[Round "?.2"]
[White "Gutman, L."]
[Black "Robatsch, K."]
[Result "1/2-1/2"]
[WhiteElo "2440"]
[BlackElo "2420"]
[PlyCount "29"]
[EventDate "1983.??.??"]

1. Nf3 c5 2. g3 Nc6 3. d4 cxd4 4. Nxd4 g6 5. Bg2 Bg7 6. Nxc6 bxc6 7. O-O Nf6 8.
Nd2 a5 9. a4 O-O 10. Nb3 Ba6 11. Re1 Qc7 12. Bg5 Rfb8 13. Qc1 d6 14. Bh6 Bxh6
15. Qxh6 {.../64/} 1/2-1/2

[Event "BL 8384 Enger-München 36"]
[Site "?"]
[Date "1983.??.??"]
[Round "?.3"]
[White "Bastian, H."]
[Black "Podzielny, K."]
[Result "1-0"]
[WhiteElo "2375"]
[BlackElo "2405"]
[PlyCount "45"]
[EventDate "1983.??.??"]

1. e4 c5 2. Nc3 e6 3. g3 Nc6 4. Bg2 Nf6 5. d3 Be7 6. f4 d5 7. Nh3 O-O 8. O-O
Rb8 9. exd5 exd5 10. f5 d4 11. Ne4 Bd7 12. Bf4 Rc8 13. g4 h6 14. Qf3 Nb4 15. c3
dxc3 16. bxc3 Nbd5 17. Be5 Bc6 18. g5 hxg5 19. Nhxg5 Nd7 20. f6 N5xf6 21. Qh3
Re8 22. Nxf7 Nxe5 23. Nxd8 1-0

[Event "BL 8384 Enger-München 36"]
[Site "?"]
[Date "1983.??.??"]
[Round "?.6"]
[White "Kunsztowicz, U."]
[Black "Koch, R."]
[Result "1-0"]
[WhiteElo "2350"]
[BlackElo "2260"]
[PlyCount "41"]
[EventDate "1983.??.??"]

1. d4 Nf6 2. c4 c5 3. d5 e5 4. Nc3 d6 5. e4 Be7 6. g3 O-O 7. Bg2 Ne8 8. Nf3 a6
9. a4 b6 10. O-O Nd7 11. Ne1 g6 12. Bh6 Ng7 13. Qd2 f5 14. f4 Bf6 15. Nf3 Re8
16. Rae1 Qe7 17. Bh3 exf4 18. gxf4 Bxc3 19. Qxc3 fxe4 20. Rxe4 Qf6 21. Bxg7 1-0

[Event "BL 8384 Lasker-Koblenz"]
[Site "?"]
[Date "1983.??.??"]
[Round "?.2"]
[White "Paulsen, D."]
[Black "Wolf, V."]
[Result "1/2-1/2"]
[WhiteElo "2375"]
[BlackElo "2245"]
[PlyCount "52"]
[EventDate "1983.??.??"]

1. d4 Nf6 2. c4 e6 3. Nf3 Bb4+ 4. Bd2 a5 5. g3 d5 6. Qc2 Nc6 7. Bg2 dxc4 8.
Qxc4 Qd5 9. Qxd5 exd5 10. a3 Bxd2+ 11. Nbxd2 Bf5 12. Rc1 a4 13. O-O Ra6 14.
Rfe1 Rb6 15. e4 Nxe4 16. Nh4 Be6 17. Nxe4 dxe4 18. Bxe4 Nxd4 19. Rxc7 Rxb2 20.
Nf3 Nxf3+ 21. Bxf3 Kd8 22. Rec1 Re8 23. Rxb7 Rxb7 24. Bxb7 Re7 25. Bf3 Bb3 26.
Kf1 Re6 1/2-1/2

[Event "BL 8384 Lasker-Koblenz"]
[Site "?"]
[Date "1983.??.??"]
[Round "?.3"]
[White "Schulz, KJ."]
[Black "Cladouras, P."]
[Result "1/2-1/2"]
[WhiteElo "2330"]
[BlackElo "2290"]
[PlyCount "37"]
[EventDate "1983.??.??"]

1. e4 e5 2. Nf3 Nc6 3. Bb5 a6 4. Ba4 Nf6 5. d4 exd4 6. O-O Be7 7. Re1 O-O 8. e5
Nd5 9. Nxd4 Nxd4 10. Qxd4 Nb6 11. Bb3 d5 12. exd6 Bxd6 13. Qe4 Qf6 14. Nc3 Rb8
15. Qe3 Bf5 16. Ne4 Bxe4 17. Qxe4 Nd7 18. Qe3 Nc5 19. Qg5 1/2-1/2

[Event "BL 8384 Lasker-Koblenz"]
[Site "?"]
[Date "1983.??.??"]
[Round "?.5"]
[White "Trauth, M."]
[Black "Grzesik, T."]
[Result "1/2-1/2"]
[WhiteElo "2235"]
[BlackElo "2340"]
[PlyCount "100"]
[EventDate "1983.??.??"]

1. Nf3 Nf6 2. c4 g6 3. g3 Bg7 4. Bg2 O-O 5. Nc3 d6 6. O-O Nc6 7. Rb1 a5 8. a3
e5 9. b4 axb4 10. axb4 Be6 11. b5 Ne7 12. c5 dxc5 13. Nxe5 Nfd5 14. Nxd5 Bxd5
15. Bxd5 Qxd5 16. Nf3 Ra2 17. d3 Rd8 18. Bg5 Rd7 19. e4 Qe6 20. Be3 Ra3 21.
Bxc5 Raxd3 22. Qe2 Nc8 23. Kg2 h6 24. Rb4 Nb6 25. Rc1 Nd5 26. Nd4 Nf4+ 27. gxf4
Qh3+ 28. Kg1 Bxd4 29. Bxd4 R3xd4 30. Rxd4 Rxd4 31. Rxc7 Qe6 32. Rxb7 Rxe4 33.
Qf3 Qf5 34. Rb8+ Kh7 35. Qc3 Qg4+ 36. Kf1 Qd1+ 37. Kg2 Rd4 38. h3 g5 39. Qc7
Rd7 40. Qe5 Qd5+ 41. Kg3 Qxe5 42. fxe5 Rd5 43. f4 Rd3+ 44. Kg4 Rd4 45. b6 Rxf4+
46. Kg3 Rb4 47. Kf3 Kg7 48. b7 h5 49. Ke3 g4 50. hxg4 hxg4 1/2-1/2

[Event "BL 8384 Braunschweig-Porz"]
[Site "?"]
[Date "1983.??.??"]
[Round "?.2"]
[White "Schruefer, G."]
[Black "Marian, R."]
[Result "1/2-1/2"]
[WhiteElo "2205"]
[BlackElo "2360"]
[PlyCount "100"]
[EventDate "1983.??.??"]

1. e4 c5 2. Nf3 d6 3. d4 cxd4 4. Nxd4 Nf6 5. Nc3 Nc6 6. Bc4 e6 7. Bb3 Be7 8.
Be3 O-O 9. f4 e5 10. Nf5 Bxf5 11. exf5 exf4 12. Bxf4 Qb6 13. Qd2 d5 14. O-O-O
Rfd8 15. Qe2 d4 16. Ne4 Na5 17. Nxf6+ Bxf6 18. Rd3 Re8 19. Qh5 Nxb3+ 20. axb3
Qc6 21. Qf3 Re4 22. Kb1 Rae8 23. Rhd1 h6 24. g4 a5 25. Qg3 Re2 26. R3d2 Rxd2
27. Bxd2 Re2 28. h4 Qg2 29. Qxg2 Rxg2 30. g5 hxg5 31. hxg5 Bxg5 32. Bxa5 Bf6
33. Re1 d3 34. cxd3 Rxb2+ 35. Kc1 Rxb3 36. Re8+ Kh7 37. Rf8 Rxd3 38. Rxf7 b5
39. Kc2 Rd5 40. Rb7 Rxf5 41. Be1 Re5 42. Bb4 Kg6 43. Bf8 Re8 44. Bb4 Re5 45.
Bf8 Kh6 46. Kb3 Re8 47. Bxg7+ Bxg7 48. Rxb5 Bf6 49. Rd5 Kg6 50. Kc4 Re4+ {
.../88/} 1/2-1/2

[Event "BL 8384 Koblenz-Braunschweig"]
[Site "?"]
[Date "1983.??.??"]
[Round "?.1"]
[White "Eng, H."]
[Black "Doncevic, D."]
[Result "1-0"]
[WhiteElo "2280"]
[BlackElo "2340"]
[PlyCount "69"]
[EventDate "1983.??.??"]

1. e4 c5 2. Nf3 d6 3. d4 cxd4 4. Nxd4 Nf6 5. Nc3 Nc6 6. Be2 e5 7. Nf3 h6 8. Bc4
a6 9. O-O Be7 10. Re1 O-O 11. Nd5 Nxd5 12. Bxd5 Nb4 13. Bb3 Be6 14. c3 Nc6 15.
Be3 Na5 16. Bd5 Qc7 17. Qd3 Nc4 18. b3 Nb6 19. Bxb6 Qxb6 20. Nd2 Rac8 21. Nc4
Qc7 22. Ne3 Qxc3 23. Qxc3 Rxc3 24. Bxb7 Bg5 25. Bxa6 Bxe3 26. Rxe3 Rc2 27. Re2
Rxe2 28. Bxe2 Rc8 29. Bd1 Rc3 30. Rb1 f5 31. f3 Rd3 32. a4 Rd2 33. b4 d5 34.
exd5 Bxd5 35. Bb3 1-0

[Event "BL 8384 Koblenz-Braunschweig"]
[Site "?"]
[Date "1983.??.??"]
[Round "?.2"]
[White "Wolf, V."]
[Black "Schruefer, G."]
[Result "1/2-1/2"]
[WhiteElo "2245"]
[BlackElo "2205"]
[PlyCount "111"]
[EventDate "1983.??.??"]

1. d4 Nf6 2. c4 g6 3. Nc3 d5 4. Nf3 Bg7 5. Bg5 Ne4 6. cxd5 Nxg5 7. Nxg5 e6 8.
Nf3 exd5 9. e3 O-O 10. b4 Be6 11. g3 Nd7 12. Bg2 c6 13. Rc1 Nb6 14. O-O Nc4 15.
Nd2 Qd7 16. Nxc4 dxc4 17. Ne4 b5 18. Nc5 Qd6 19. a4 a6 20. Qf3 Rfc8 21. Rfd1
Ra7 22. Ra1 Qe7 23. Qe4 Qd6 24. Qf3 Qe7 25. Ra3 Bf8 26. Rda1 Qe8 27. axb5 cxb5
28. Rxa6 Bxc5 29. dxc5 Rxa6 30. Rxa6 c3 31. e4 c2 32. Qc3 Bb3 33. Ra1 Ra8 34.
Rc1 Qe6 35. Bf1 Rd8 36. Bd3 h5 37. Bxc2 Bc4 38. h4 Qh3 39. Qe3 Kg7 40. e5 Rd5
41. Re1 Qe6 42. Qc3 Kh7 43. Bb3 Qg4 44. Bxc4 bxc4 45. Qc1 Rd3 46. Qf4 Qe6 47.
Rc1 Qd5 48. c6 c3 49. c7 c2 50. Rf1 Rc3 51. e6 Qxe6 52. b5 Rc4 53. Qd2 Rxc7 54.
Rc1 Qb3 55. Kh2 Qxb5 56. Rxc2 1/2-1/2

[Event "BL 8384 Porz-Lasker"]
[Site "?"]
[Date "1983.??.??"]
[Round "?.1"]
[White "Wockenfuss, K."]
[Black "Goehring, K."]
[Result "1/2-1/2"]
[WhiteElo "2355"]
[BlackElo "2355"]
[PlyCount "48"]
[EventDate "1983.??.??"]

1. e4 c6 2. c4 d5 3. exd5 cxd5 4. cxd5 Nf6 5. Bb5+ Nbd7 6. Nc3 g6 7. d4 Bg7 8.
d6 e6 9. Nf3 O-O 10. O-O Nb6 11. Bf4 Nh5 12. Be5 a6 13. Be2 f6 14. Bg3 Nxg3 15.
hxg3 Qxd6 16. Qb3 Nd5 17. Ne4 Qb6 18. Bc4 Qxb3 19. Bxb3 Rd8 20. Rfe1 Kf7 21.
Rac1 Bf8 22. Nc5 Bd6 23. Re2 b6 24. Na4 Rb8 1/2-1/2

[Event "BL 8384 Porz-Lasker"]
[Site "?"]
[Date "1983.??.??"]
[Round "?.2"]
[White "Marian, R."]
[Black "Paulsen, D."]
[Result "1/2-1/2"]
[WhiteElo "2360"]
[BlackElo "2375"]
[PlyCount "67"]
[EventDate "1983.??.??"]

1. Nf3 Nf6 2. g3 c5 3. Bg2 Nc6 4. O-O g6 5. d3 d5 6. Nc3 Bg7 7. Bg5 h6 8. Bd2
O-O 9. a3 e5 10. b4 e4 11. Ne1 exd3 12. cxd3 cxb4 13. axb4 Nxb4 14. d4 Nc6 15.
e3 b6 16. Nd3 Na5 17. Ne5 Bb7 18. Nb5 Ne4 19. Bxa5 bxa5 20. Bxe4 dxe4 21. Nc4
Bc8 22. Nxa5 Bh3 23. Re1 Qd7 24. Nc3 Qf5 25. Nc6 Rfe8 26. Ra5 Qd7 27. Nb4 Qc7
28. Qa1 Qc8 29. Ncd5 g5 30. Qc1 Qg4 31. Qd1 Qd7 32. Qa4 Qg4 33. Qd1 Qd7 34. Qa4
1/2-1/2

[Event "BL 8384 Porz-Lasker"]
[Site "?"]
[Date "1983.??.??"]
[Round "?.3"]
[White "Cladouras, P."]
[Black "Ostermeyer, P."]
[Result "1/2-1/2"]
[WhiteElo "2290"]
[BlackElo "2450"]
[PlyCount "29"]
[EventDate "1983.??.??"]

1. e4 c5 2. Nf3 d6 3. d4 Nf6 4. Nc3 cxd4 5. Nxd4 a6 6. g3 e5 7. Nde2 Be7 8. Bg2
O-O 9. O-O b5 10. a4 bxa4 11. Rxa4 Nbd7 12. Bg5 Nb6 13. Ra1 Ng4 14. Bxe7 Qxe7
15. Nd5 1/2-1/2

[Event "BL 8384 Porz-Lasker"]
[Site "?"]
[Date "1983.??.??"]
[Round "?.4"]
[White "Gerusel, M."]
[Black "Fette, M."]
[Result "1-0"]
[WhiteElo "2390"]
[BlackElo "2265"]
[PlyCount "85"]
[EventDate "1983.??.??"]

1. d4 g6 2. c4 Bg7 3. e4 d6 4. Nc3 Nc6 5. d5 Nd4 6. Be3 c5 7. dxc6 Nxc6 8. Qd2
f5 9. exf5 Bxf5 10. h3 Nf6 11. Nf3 O-O 12. Be2 Qd7 13. O-O Rac8 14. Rac1 b6 15.
b3 Ne4 16. Nxe4 Bxe4 17. Ng5 Bf5 18. Qd5+ e6 19. Qd2 h6 20. Nf3 g5 21. Rfd1
Rcd8 22. c5 bxc5 23. Bxc5 Qf7 24. Bxd6 Nd4 25. Nxd4 Rxd6 26. Qe3 Kh8 27. Nc6
Rxd1+ 28. Rxd1 Qc7 29. Nxa7 Ra8 30. Nb5 Qc2 31. a4 Rc8 32. Re1 Bf8 33. g4 Bg6
34. Bc4 Bc5 35. Qe2 e5 36. Qxc2 Bxc2 37. Rxe5 Bb4 38. Re6 Rf8 39. Rxh6+ Kg7 40.
Re6 Bc5 41. Re2 Bd1 42. Rd2 Bf3 43. Nd4 1-0

[Event "BL 8384 Porz-Lasker"]
[Site "?"]
[Date "1983.??.??"]
[Round "?.5"]
[White "Grzesik, T."]
[Black "Schmidt, B."]
[Result "1/2-1/2"]
[WhiteElo "2340"]
[BlackElo "2340"]
[PlyCount "101"]
[EventDate "1983.??.??"]

1. e4 e6 2. d3 d5 3. Nd2 Nf6 4. Ngf3 b6 5. g3 Be7 6. e5 Nfd7 7. Bg2 c5 8. O-O
Nc6 9. Re1 Qc7 10. Qe2 Ba6 11. Nf1 Nd4 12. Nxd4 cxd4 13. Bf4 g5 14. Bd2 Qxc2
15. Qh5 Bxd3 16. Bxg5 Bg6 17. Qh4 Bxg5 18. Qxg5 O-O 19. h4 Qf5 20. Qd2 Nxe5 21.
Qxd4 Nd7 22. Ne3 Qf6 23. Qd2 Ne5 24. f4 Nc6 25. Rad1 Ne7 26. Kh2 Rac8 27. Rc1
Kh8 28. Bf3 Rg8 29. Ng4 Qg7 30. Rxc8 Nxc8 31. Rg1 Nd6 32. Ne5 Be4 33. Qb4 Nf5
34. Bxe4 dxe4 35. Qxe4 f6 36. Nd3 Nxh4 37. Nf2 Nf5 38. g4 Nh4 39. Rg3 e5 40.
fxe5 fxe5 41. Rd3 Rf8 42. Nh3 Ng6 43. Rf3 Rd8 44. Kg3 Qh6 45. g5 Qh5 46. Qg4
Qxg4+ 47. Kxg4 Kg7 48. Rc3 Rd7 49. Kf5 Kf8 50. a4 Ke7 51. a5 1/2-1/2

[Event "BL 8384 Porz-Lasker"]
[Site "?"]
[Date "1983.??.??"]
[Round "?.7"]
[White "Grzesik, F."]
[Black "Gawehns, K."]
[Result "1/2-1/2"]
[WhiteElo "2260"]
[BlackElo "2335"]
[PlyCount "67"]
[EventDate "1983.??.??"]

1. e4 d5 2. exd5 Nf6 3. Bb5+ Bd7 4. Bc4 Bg4 5. f3 Bc8 6. Nc3 Nbd7 7. d4 Nb6 8.
Bb3 Nbxd5 9. Nxd5 Nxd5 10. c4 Nf6 11. Ne2 g6 12. O-O Bg7 13. Be3 O-O 14. Qd2 c6
15. Rad1 e6 16. Rfe1 b6 17. Nc1 Bb7 18. Nd3 Ne8 19. Ne5 Nd6 20. Bf4 Nf5 21. Bc2
Re8 22. b3 f6 23. Ng4 Qd7 24. Ne3 Ne7 25. h4 Rad8 26. Qf2 Qc8 27. Bb1 c5 28.
dxc5 Qxc5 29. Nc2 Nf5 30. Qxc5 bxc5 31. Rxd8 Rxd8 32. Rxe6 Kf7 33. Re2 Nxh4 34.
Rd2 1/2-1/2

[Event "BL 8384 Sindelfingen-Koblenz"]
[Site "?"]
[Date "1983.??.??"]
[Round "?.1"]
[White "Doncevic, D."]
[Black "Fahnenschmidt, G."]
[Result "1/2-1/2"]
[WhiteElo "2340"]
[BlackElo "2325"]
[PlyCount "37"]
[EventDate "1983.??.??"]

1. e4 c5 2. Nf3 d6 3. d4 cxd4 4. Nxd4 Nf6 5. Nc3 Nc6 6. Bc4 e6 7. Be3 Be7 8.
Qe2 a6 9. O-O-O O-O 10. Bb3 Qc7 11. g4 Nd7 12. g5 Nc5 13. Rhg1 b5 14. Qh5 g6
15. Qh6 Re8 16. Rg3 Bf8 17. Qh4 Be7 18. Qh6 Bf8 19. Qh4 1/2-1/2

[Event "BL 8384 Sindelfingen-Koblenz"]
[Site "?"]
[Date "1983.??.??"]
[Round "?.2"]
[White "Ullrich, F."]
[Black "Wolf, V."]
[Result "1-0"]
[WhiteElo "2275"]
[BlackElo "2245"]
[PlyCount "135"]
[EventDate "1983.??.??"]

1. Nf3 Nf6 2. g3 e6 3. c4 d5 4. Bg2 Be7 5. O-O O-O 6. b3 b6 7. Bb2 Bb7 8. d3 c5
9. Na3 Nc6 10. Qd2 Rc8 11. e3 Qc7 12. Rfd1 Rfd8 13. Qe2 a6 14. cxd5 Nxd5 15.
Rd2 b5 16. e4 Nf6 17. Nc2 Rd7 18. h4 h6 19. Nfe1 Rcd8 20. Rdd1 h5 21. f4 g6 22.
Bf3 e5 23. Ng2 Bf8 24. Qf1 Bg7 25. Be2 exf4 26. Qxf4 Ne8 27. Bxg7 Nxg7 28. Qxc7
Rxc7 29. Nf4 Nd4 30. Nxd4 Rxd4 31. Rac1 Kf8 32. Kf2 Ke7 33. Ke3 Ne6 34. Nxe6
Kxe6 35. Bf3 Rd8 36. Rf1 a5 37. g4 hxg4 38. Bxg4+ Ke7 39. h5 gxh5 40. Bxh5 f6
41. Rf5 Rdc8 42. Rg1 Ba6 43. Rg7+ Ke6 44. Rg6 Rf8 45. Bg4 Ke7 46. e5 Rc6 47.
exf6+ Rfxf6 48. Rgxf6 Rxf6 49. Rxc5 Kd6 50. Rg5 Rh6 51. Bf3 Re6+ 52. Kd4 Rf6
53. Be4 Re6 54. a4 bxa4 55. bxa4 Kc7 56. Rxa5 Kb6 57. Rg5 Bc8 58. Rb5+ Ka6 59.
Bd5 Re8 60. Bc4 Ka7 61. Kc5 Bb7 62. Ra5+ Kb8 63. Kb6 Rd8 64. Rh5 Bf3 65. Rh6
Be2 66. a5 Bf3 67. Rg6 Ka8 68. Rg8 1-0

[Event "BL 8384 Heidelberg-Porz"]
[Site "?"]
[Date "1983.??.??"]
[Round "?.3"]
[White "Troeger, P."]
[Black "Neunhoeffer, H."]
[Result "1/2-1/2"]
[WhiteElo "2260"]
[BlackElo "2235"]
[PlyCount "100"]
[EventDate "1983.??.??"]

1. d4 Nf6 2. Nf3 d5 3. e3 Bg4 4. c4 c6 5. cxd5 cxd5 6. Qb3 Qb6 7. Qxb6 axb6 8.
Nc3 Bxf3 9. gxf3 Nc6 10. Bb5 e6 11. Bd2 Bb4 12. Ke2 Ke7 13. a3 Bxc3 14. Bxc3
Rhc8 15. Rac1 Ne8 16. e4 Nd6 17. Bd3 g6 18. h4 h5 19. Rhg1 Ra4 20. Ke3 Kd7 21.
Bc2 Raa8 22. Bb3 Ne7 23. Bb4 b5 24. Kd3 Nc4 25. Rc2 Nc6 26. Bc3 b6 27. Re1 Rg8
28. Rg1 f6 29. exd5 exd5 30. f4 Ne7 31. a4 bxa4 32. Bxc4 dxc4+ 33. Kxc4 Nf5 34.
Rh1 Rgc8+ 35. Kd3 b5 36. Re2 Rc4 37. Rhe1 Rac8 38. Re4 b4 39. Bd2 b3 40. d5
Rxe4 41. Rxe4 Rc5 42. Rxa4 Rxd5+ 43. Ke2 Nd4+ 44. Ke3 Nf5+ 45. Ke2 Nxh4 46. Bc3
Rd6 47. Rb4 Re6+ 48. Kf1 Nf5 49. Rxb3 Ne7 50. Rb8 Rc6 1/2-1/2

[Event "BL 8384 Koblenz-Heidelberg"]
[Site "?"]
[Date "1983.??.??"]
[Round "?.1"]
[White "Steinbacher, M."]
[Black "Doncevic, D."]
[Result "0-1"]
[WhiteElo "2310"]
[BlackElo "2340"]
[PlyCount "86"]
[EventDate "1983.??.??"]

1. Nf3 c5 2. c4 g6 3. Nc3 Bg7 4. e3 Nf6 5. d4 O-O 6. Be2 d5 7. O-O cxd4 8. exd4
Nc6 9. h3 b6 10. Ne5 Bb7 11. Bf3 Na5 12. Bg5 Ne4 13. Bf4 f6 14. Ng4 Nxc3 15.
bxc3 Nxc4 16. Re1 Qd7 17. h4 Rae8 18. h5 e5 19. dxe5 fxe5 20. Bg5 e4 21. Rxe4
Rxe4 22. Bxe4 Nb2 23. Qb3 Qxg4 24. Bxd5+ Bxd5 25. Qxd5+ Kh8 26. h6 Bxc3 27. Be7
Qf5 28. Qb3 Qxf2+ 29. Kh1 Be5 30. Bxf8 Qxf8 31. Re1 Qxh6+ 32. Qh3 Qxh3+ 33.
gxh3 Nc4 34. Rd1 Nd6 35. Rc1 Nf7 36. Kg2 Kg7 37. Rc6 Bd6 38. Rc8 Kf6 39. Ra8 a5
40. Ra7 Ke6 41. Kf3 Ne5+ 42. Ke4 Nd7 43. Ra8 Bb8 0-1

[Event "BL 8384 Koblenz-Heidelberg"]
[Site "?"]
[Date "1983.??.??"]
[Round "?.3"]
[White "Neunhoeffer, H."]
[Black "Schulz, KJ."]
[Result "0-1"]
[WhiteElo "2235"]
[BlackElo "2330"]
[PlyCount "42"]
[EventDate "1983.??.??"]

1. d4 d5 2. c4 dxc4 3. Nf3 a6 4. e3 Nf6 5. Bxc4 e6 6. Qe2 c5 7. dxc5 Bxc5 8.
O-O O-O 9. e4 Nc6 10. Bg5 e5 11. h3 Nd4 12. Nxd4 Bxd4 13. Nc3 h6 14. Bxf6 Qxf6
15. Nd5 Qd6 16. Rac1 Be6 17. Rc2 Rac8 18. Rfc1 Kh8 19. Ne3 Bxe3 20. Qxe3 Rc6
21. Bxe6 Rxc2 0-1